| 000 | 02404cam a2200409 a 4500 | ||
|---|---|---|---|
| 001 | 15260316 | ||
| 003 | EG-ScBUE | ||
| 005 | 20220427104315.0 | ||
| 008 | 080414r20122008enka f b 001 0 eng d | ||
| 020 | _a0199278113 | ||
| 020 | _a9780199278114 | ||
| 035 | _a(OCoLC)216938511 | ||
| 035 | _a(OCoLC)ocn216938511 | ||
| 040 |
_aDLC _beng _erda _cDLC _dEG-ScBUE |
||
| 082 | 0 | 4 |
_a415.018 _222 _bHEN |
| 100 | 1 |
_aHengeveld, Kees, _d1957- _eauthor. _940499 |
|
| 245 | 1 | 0 |
_aFunctional discourse grammar : _ba typologically-based theory of language structure / _cKees Hengeveld and J. Lachlan Mackenzie. |
| 250 | _aReprinted edition. | ||
| 264 | 1 |
_aOxford : _bOxford University Press, _c2012. |
|
| 300 |
_axxiii, 503 pages : _billustrations ; _c26 cm. |
||
| 336 |
_2rdacontent _atext _btxt |
||
| 337 |
_2rdamedia _aunmediated _bn |
||
| 338 |
_2rdacarrier _avolume _bnc |
||
| 490 | 0 | _aOxford linguistics | |
| 504 | _aIncludes bibliographical references and index. | ||
| 505 | _aThe interpersonal level -- The representational level -- The morphosyntactic level -- The phonological level. | ||
| 520 | _a"This book is the first comprehensive presentation of Functional Discourse Grammar, a new and important theory of language structure. The authors set out its nature and origins and show how it relates to contemporary linguistic theory. They demonstrate and test its explanatory power and descriptive utility against linguistic facts from over 150 languages across a wide range of linguistic families." "Functional Discourse Grammar offers a thorough account of how the use and meaning of language influence linguistic form by conditioning two levels of formulation which feed into two levels of encoding, all with their own specific characteristics. The book offers an ideal introduction to the theory and its applications in typology and description for scholars in linguistics and related fields from graduate students upwards." | ||
| 650 | 7 |
_aFunctional discourse grammar. _2BUEsh _940502 |
|
| 650 | 7 |
_aFunctionalism (Linguistics). _940300 _2BUEsh |
|
| 650 | 7 |
_aGrammar, Comparative and general. _940503 _2BUEsh |
|
| 651 | _2BUEsh | ||
| 653 |
_cJuly2016 _bHHUUEENN |
||
| 655 |
_vReading book _934232 |
||
| 700 | 1 |
_aMackenzie, J. Lachlan, _eauthor. _940501 |
|
| 856 | 4 | 1 |
_3Table of contents only _uhttp://www.loc.gov/catdir/toc/ecip0817/2008016923.html |
| 942 |
_2ddc _e22 _k415.018 HEN _cBB |
||
| 999 |
_c22055 _d22027 |
||